Responses for show #4363 - Wednesday, July 16, 2003

(Sarah: And they're off! Jeopardy!'s at Churchill Downs, next.)

Contestants

Jim Cairl, a stay-at-home dad from New York, New York

Sara Austin, a paralegal & stay-at-home mom from Middletown, New Jersey

Leonard Stoehr, a truck driver from Norcross, Georgia (whose 3-day cash winnings total $37,599)

Jeopardy! Round responses

AFRICA
THE KENTUCKY DERBY
(Alex: As you just heard.)
1867
STOCK SYMBOLS
YOU HAVE THE RITE
(Alex: Notice the spelling.)
TO REMAIN "SILENT"
    $200 1
United Nations

Leonard
    $200 26
mint juleps

Jim
    $200 5
typewriter

Leonard
    $200 7
Jack in the Box

Sara
    $200 13
luau

Jim
    $200 18
"Silent Night"

Jim
    $400 2
cheetah

Leonard
    $400 27
Triple Crown

Jim
    $400 6
Nebraska

Jim
    $400 9
H&R Block

Sara
    $400 14
(Jim: What is sake?)
....
(Alex: But I like Jim's response better!)

tea

SaraJim
    $400 19
silent partner

Jim
    $600 3
land mines

Leonard
    $600 28
(Alex: The "Run for the Roses".)

roses

Leonard
    $600 23
Alaska

Sara
    $600 10
Reebok

Jim
    $600 15
Sundance

Jim
    $1,000 20
(Jim: What is "The Silent World?")

"Silent Spring"

Jim
    $800 4
Addis Ababa

Jim
    $800 29
photo finish

Leonard
    $800 24
Horatio Alger

Jim
    $800 11
Aetna

Jim
    $800 16
Bat Mitzvah

Leonard
    $800 21
silent majority

Leonard
    $1000 8
Johannesburg

Leonard
    $1000 30
Angel Cordero

Leonard
    $1000 25
(Sara: What is 4-H?)

The Grange

Sara
Triple Stumper
    $1000 12
Kimberly-Clark

Leonard
    $1000 17
commencement

Jim
    $1000 22
the Silent Service

Jim

Scores at the first commercial break (after clue 16):

Leonard Sara Jim
$4,200 $1,000 $3,000

Scores at the end of the Jeopardy! Round:

Leonard Sara Jim
$7,400 $600 $6,000

Double Jeopardy! Round responses

POETS & POULTRY
COUNTRY COVERS
ALL IN THE FAMILY
AIR FARE
"P"SCIENCE & MEDICINE
(Alex: Each correct response will begin with a silent "P".)
FROM WHAT LANGUAGE?
(Alex: We want you to name the language from which English directly borrowed a particular word.)
    $400 1
roost

Jim
    $400 16
Elton John

Jim
    $400 21
Nehru

Leonard
    $400 26
English Channel

Jim
    $400 6
pneumonia

Jim
    $400 11
Gaelic

Leonard
    $800 2
geese

Leonard
    $800 17
The Dixie Chicks

Jim
    $800 22
Bronte

Triple Stumper
    $800 27
solar power

Jim
    $800 7
pterodactyl

Sara
    $800 12
Arabic

Jim
    $1200 3
Henry V

Jim
    $1200 18
The Eagles

Jim
    $1200 23
Ira Gershwin

Leonard
    $1200 28
WASPs (Women Airforce Service Pilots)

Triple Stumper
    $1200 8
psychosis

Jim
    $1200 13
(Leonard: What is Latin?)

Russian

LeonardJim
    $1600 4
Ben Jonson

Leonard
    $1600 19
"Bridge Over Troubled Water"

Sara
    $1600 24
Eleanor Roosevelt

Jim
    $1600 29
human power

Jim
    $1,600 9
Ptolemy

Jim
    $1,200 14
(Jim: What is Greek?)

Afrikaans

Jim
    $2000 5
Williams

Jim
    $2000 20
"Cats in the Cradle"

Leonard
    $2000 25
(Alex: Less than a minute to go now.)

John Cabot (Giovanni Caboto)

Triple Stumper
    $2000 30
Bell

Triple Stumper
    $2000 10
(Leonard: What is a photon?)
(Jim: What is a positron?)

psi particle

LeonardJim
Triple Stumper
    $2000 15
(Jim: What is Hindi?)
(Sara: What is Indian?)

Sanskrit

LeonardSaraJim

Scores at the end of the Double Jeopardy! Round:

Leonard Sara Jim
$12,600 $1,000 $16,400

[wagering suggestions for these scores]

Final Jeopardy! Round responses

RECENT MOVIES
(Alex: And the reason they are depicted that way is because the superhero is blind.)
SaraWhat is Out of Sight
$999
LeonardWhat is See No Evil?
$3,800
JimWhat is Dare Devil.
$7,000
Daredevil

Final scores:

Leonard Sara Jim
$8,800 $1 $23,400
2nd place: $2,000 3rd place: $1,000 New champion: $23,400

Game dynamics:

Coryat scores:

Leonard Sara Jim
$12,600 $1,000 $18,600
18 R,
2 W
6 R,
2 W
28 R
(including 1 DD),
5 W
(including 2 DDs)

Combined Coryat: $32,200

The J! Archive is created by fans, for fans. The Jeopardy! game show and all elements thereof, including but not limited to copyright and trademark thereto, are the property of Jeopardy Productions, Inc. and are protected under law. This website is not affiliated with, sponsored by, or operated by Jeopardy Productions, Inc. Join the discussion at JBoard.tv.